| 000 -LEADER |
| fixed length control field |
00959nam a22002537a 4500 |
| 003 - CONTROL NUMBER IDENTIFIER |
| control field |
OSt |
| 005 - DATE AND TIME OF LATEST TRANSACTION |
| control field |
20190219073717.0 |
| 008 - FIXED-LENGTH DATA ELEMENTS--GENERAL INFORMATION |
| fixed length control field |
180307b xxu||||| |||| 00| 0 spa d |
| 020 ## - INTERNATIONAL STANDARD BOOK NUMBER |
| International Standard Book Number |
9505690029 (v.1) |
| 020 ## - INTERNATIONAL STANDARD BOOK NUMBER |
| International Standard Book Number |
9505690193 (v.2) |
| 040 ## - CATALOGING SOURCE |
| Transcribing agency |
PJ |
| 100 ## - ASIENTO PRINCIPAL - NOMBRE DE PERSONA |
| 9 (RLIN) |
3752 |
| Personal name |
Moreira, Laureano Arturo |
| 245 14 - MENCIÓN DE TÍTULO |
| Título propiamente dicho |
Contratos sobre departamentos en construcción / |
| Mención de responsabilidad, etc |
Laureano Arturo Moreira. |
| 260 ## - PUBLICATION, DISTRIBUTION, ETC. (IMPRINT) |
| Place of publication, distribution, etc |
Buenos Aires : |
| Name of publisher, distributor, etc |
Ábaco, |
| Date of publication, distribution, etc |
1985-1988. |
| 300 ## - DESCRIPCION FISICA |
| Extent |
2 v. |
| Dimensions |
23 cm. |
| 500 ## - NOTA GENERAL |
| General note |
Notas y citas a pie de página.<br/> |
| 505 ## - FORMATTED CONTENTS NOTE |
| Formatted contents note |
Contenido:<br/><br/>v. 1: La comercialización por empresa. Los boletos de compraventa. El régimen prehorizontal.<br/><br/>v. 2: Construcción por consorcio. Condominio o sociedad. Consorcio de empresas. |
| 650 #0 - ASIENTO SECUNDARIO DE MATERIA - TERMINO TEMATICO |
| 9 (RLIN) |
352 |
| Topical term or geographic name as entry element |
DERECHO CIVIL |
| 650 #0 - ASIENTO SECUNDARIO DE MATERIA - TERMINO TEMATICO |
| 9 (RLIN) |
3463 |
| Topical term or geographic name as entry element |
CONTRATOS |
| 650 #0 - ASIENTO SECUNDARIO DE MATERIA - TERMINO TEMATICO |
| 9 (RLIN) |
2239 |
| Topical term or geographic name as entry element |
COMPRAVENTA INMOBILIARIA |
| 650 #0 - ASIENTO SECUNDARIO DE MATERIA - TERMINO TEMATICO |
| 9 (RLIN) |
3413 |
| Topical term or geographic name as entry element |
BOLETO DE COMPRAVENTA |
| 650 #0 - ASIENTO SECUNDARIO DE MATERIA - TERMINO TEMATICO |
| 9 (RLIN) |
2253 |
| Topical term or geographic name as entry element |
CONDOMINIO |
| 942 ## - ADDED ENTRY ELEMENTS (KOHA) |
| Source of classification or shelving scheme |
|
| Koha item type |
Libros |
| Classification part |
347.451 |
| Item part |
MOR |